00650nam a2200181Ia 4500008004100000082001800041100002000059245006600079250000800145260002900153300000800182500002400190650001600214942000700230952010700237952010700344999001700451230524s9999 xx 000 0 und d a621.3827bSCH aMischa Schwartz 0a"Telecommunications Networks, Protocols, Modeling & Analysis" a2ND aNEW DELHIbPearsonc2004 a749 aQuantity Number: 2 aElectronics cBK 00104070aTATCLbTATCLcGENd2023-05-24l0o621.3827 SCHp6199r2023-05-24w2023-05-24yBKzCPEC5308 00104070aTATCLbTATCLcGENd2023-05-24l0o621.3827 SCHp6200r2023-05-24w2023-05-24yBKzCPEC5308 c24818d24818